000 00634nam a2200229Ia 4500
003 OSt
005 20220918220750.0
006 a|||||r|||| 00| 0
007 ta
008 220917b |||||||| |||| 00| 0 eng d
024 _a147,049
037 _cTextual
040 _aARTS
_cARTS
_beng
041 _2eng
_aeng
082 _aY1:1.63M, K2(YID)
100 _aHammond-Tooke W D
_9135919
245 0 _aBhaca society
_b A people of the trankein uplands south Africa
260 _aNA
_bNA
_c1962
650 _aSOCIOLOGY
942 _hY1:1.63M, K2(YID)
_cTEXL
_2CC
999 _c269803
_d269803